000 00601nam a2200205 u 4500
005 20220528063500.0
008 120703s2010 r 000 0 eng d
020 _a9786070213649 (UNAM)
020 _a9786074450330 (Era)
035 _aUPN01000185682
049 _aCG
050 4 _aPQ7297 L5.3
_bA4.5 2010
100 1 _aLizalde, Eduardo,
_d1929-
_932576
245 1 0 _aAlmanaque de cuentos y ficciones :
_b1955-2005 /
_cEduardo Lizalde.
260 _aMéxico :
_bUNAM :
_bEra,
_c2010.
300 _a244 p.
650 4 _aLiteratura mexicana
_ySiglo XX
_95344
905 _aLibro
999 _c157785
_d157785